000 00407nam a2200157Ia 4500
008 210210b1979 xxu||||| |||| 00| 0 eng d
020 _a0 906216 15 X
082 _a338.9 BETS
100 _aBETTELHEIM (Charles).
245 _aStudies in the theory of planning.
260 _aLondon
_bJ K Publishers
_c1979
300 _axii,451
650 _aPlanning
690 _aEconomic Development
906 _a034985
999 _c85768
_d85768